[Event "Speed Chess Q2 Sw"]
[Site "Chess.com INT"]
[Date "2023.08.23"]
[Round "2"]
[White "Goltseva, Ekaterina"]
[Black "King, Robert J"]
[Result "1-0"]
[WhiteElo "2309"]
[BlackElo "1998"]
[PlyCount "87"]
[EventDate "2023.08.23"]
[EventType "swiss (blitz)"]
[EventRounds "14"]
[EventCountry "USA"]
[SourceTitle "CBM 215 Extra"]
[Source "ChessBase"]
[SourceDate "2023.09.30"]
[SourceVersion "1"]
[SourceVersionDate "2023.09.30"]
[SourceQuality "1"]

1. d4 Nf6 2. c4 g6 3. Nc3 Bg7 4. e4 d6 5. Nge2 0-0 6. Ng3 Nc6 7. d5 Ne5 8. Be2 h5 9. f4 Neg4 10. h3 Nh6 11. 0-0 e6 12. Be3 exd5 13. cxd5 Re8 14. Bf3 Bd7 15. Re1 c6 16. dxc6 Bxc6 17. Bd4 h4 18. Nh1 Qa5 19. Nf2 Rad8 20. a3 d5 21. b4 Qc7 22. e5 Ne4 23. Qb3 a6 24. Rad1 Nf5 25. Qb2 Nxd4 26. Rxd4 Bh6 27. Ncxe4 dxe4 28. Bxe4 Bxe4 29. Rdxe4 Qb6 30. Qe2 a5 31. bxa5 Qxa5 32. e6 f5 33. Re5 Qxa3 34. e7 Rd7 35. Qc4+ Kh8 36. Qf7 Qa8 37. Qxg6 Bg7 38. Rxf5 Rdxe7 39. Rh5+ Kg8 40. Qh7+ Kf8 41. Rf5+ Rf7 42. Rxf7+ Kxf7 43. Qh5+ Kf6 44. Ng4# 1-0

[Event "MetroWest CC New Year op"]
[Site "Natick"]
[Date "2015.01.06"]
[Round "1.5"]
[White "Arun, Siddharth"]
[Black "King, Robert J"]
[Result "0-1"]
[WhiteElo "2228"]
[BlackElo "2027"]
[PlyCount "105"]
[EventDate "2015.01.06"]
[EventType "swiss"]
[EventRounds "3"]
[EventCountry "USA"]
[SourceTitle "EXT 2023"]
[Source "ChessBase"]
[SourceDate "2022.10.05"]
[SourceVersion "1"]
[SourceVersionDate "2022.10.05"]
[SourceQuality "1"]

1. Nf3 Nf6 2. c4 g6 3. d4 Bg7 4. Nc3 0-0 5. Bg5 c5 6. e3 d6 7. Be2 Na6 8. 0-0 Nc7 9. Qc2 cxd4 10. exd4 Ne6 11. Bxf6 Bxf6 12. Qd2 Nc7 13. Rfd1 d5 14. c5 a5 15. Na4 Bf5 16. Ne5 Na6 17. Nb6 Ra7 18. Qxa5 Bxe5 19. dxe5 Qc7 20. Qc3 Qxc5 21. Nxd5 Re8 22. Qxc5 Nxc5 23. Bb5 Bd7 24. Bxd7 Nxd7 25. Nc7 Rd8 26. e6 fxe6 27. Nxe6 Rc8 28. Rxd7 Rxa2 29. Rad1 Rxb2 30. Rd8+ Rxd8 31. Nxd8 b5 32. Kf1 Kg7 33. Ke1 Kf6 34. Rd2 Rb1+ 35. Ke2 g5 36. h3 h5 37. Ke3 b4 38. Kd4 Rc1 39. Ke3 Rb1 40. Kd3 Rg1 41. f3 g4 42. fxg4 hxg4 43. hxg4 Kg5 44. Ke3 Kxg4 45. Kf2 Rb1 46. Rd4+ Kg5 47. Nc6 Rb2+ 48. Kg3 b3 49. Rb4 Rc2 50. Nd4 Rc3+ 51. Kh2 e5 52. Nxb3 e4 53. Nd2 0-1